00722nab a2200229 uc450000100070000000500170000700800410002403500110006503500210007604000130009704100080011010000320011824500640015065000170021465000140023165000290024565000350027465000260030965000320033565000170036777301080038466418220240911090535.0010515e20001201 spa  a664182 a(OCoLC)819907696 ccomduadb aspa10aGuardo Polo, Jose4auteaut13aLa problematica geotecnica del suroccidente de Barranquilla aGeotécnica aGeotecnia aDeslizamientos de tierra aTaludes (Geografía física) aRiesgos catastroficos 7aErosión de suelos2armarc aInundaciones0 tIngeniería y Desarrollo (Barranquilla)gNo. 08, Ago.-Dic. 2000, p. 119-128w578380x0122-34610143969